000 00815nam a22002417a 4500
999 _c3044
_d3044
001 3044
003 BD-JhCC
005 20171119085445.0
008 171109s2005 bg |||| |||| 000 0 ben d
020 _a9844100038
035 _a(BD-JhCC)3044
040 _aBD-JhCC
_dBD-JhCC
041 _aben
082 _a833.22
_bSHA 2005
100 _aশেকসপীয়র, উইলিয়াম
245 _aহ্যামলেট /
_cউইলিয়াম শেকসপীয়র; ড. মফিজ চৌধুরী (অনু.)
260 _aঢাকা :
_bমাওলা ব্রাদার্স,
_c২০০৫.
300 _a১২০ পৃ. :
_c২২ সেমি.
650 _aEnglish Drama
700 _aচৌধুরী, ড. মফিজ
942 _2ddc
_cBK